000 00351pam a2200157a 44500
008 230405s2012 xxu||||| |||| 00| 0 eng d
041 _aENG
100 _aEssvale
245 _aBusiness Knowledge For IT In Insurance
250 _a1
260 _a
_bShroff Publi
_c2012
300 _a236p,23cm
440 _a500
690 _aMCA
906 _a7028
999 _c259887
_d259887